Giúp ôn tập tốt toán cao cấp Dùng cho sinh viên các trường đại học kỹ thuật T.4

TO Toán cao cấp A2

Bewaard in:
Bibliografische gegevens
Hoofdauteur: Tống, Đình Quỳ
Andere auteurs: Nguyễn, Cảnh Lương
Formaat: Boek
Taal:Undetermined
Gepubliceerd in: H. Giáo dục 2000
Onderwerpen:
Online toegang:http://lrc.tdmu.edu.vn/opac/search/detail.asp?aID=2&ID=6071
Tags: Voeg label toe
Geen labels, Wees de eerste die dit record labelt!
Thư viện lưu trữ: Trung tâm Học liệu Trường Đại học Thủ Dầu Một
LEADER 00849nam a2200253Ia 4500
001 TDMU_6071
008 210410s9999 xx 000 0 und d
082 |a 512 
090 |b T455 
100 |a Tống, Đình Quỳ 
245 0 |a Giúp ôn tập tốt toán cao cấp 
245 0 |b Dùng cho sinh viên các trường đại học kỹ thuật 
245 0 |c Tống Đình Quỳ 
245 0 |n T.4 
245 0 |p Đại số tuyến tính 
260 |a H. 
260 |b Giáo dục 
260 |c 2000 
300 |a 231tr 
520 |a TO Toán cao cấp A2  
650 |a Đại số tuyến tính; Toán cao cấp 
700 |a Nguyễn, Cảnh Lương 
856 |u http://lrc.tdmu.edu.vn/opac/search/detail.asp?aID=2&ID=6071 
980 |a Trung tâm Học liệu Trường Đại học Thủ Dầu Một